<?xml version="1.0" encoding="UTF-8"?>
<record
    xmlns:xsi="http://www.w3.org/2001/XMLSchema-instance"
    xsi:schemaLocation="http://www.loc.gov/MARC21/slim http://www.loc.gov/standards/marcxml/schema/MARC21slim.xsd"
    xmlns="http://www.loc.gov/MARC21/slim">

  <leader>01331cam a2200289 a 4500</leader>
  <controlfield tag="001">sa 68014131 </controlfield>
  <controlfield tag="003">DLC</controlfield>
  <controlfield tag="005">20260227112628.0</controlfield>
  <controlfield tag="008">840418s1967    ii a          000 0 sano </controlfield>
  <datafield tag="010" ind1=" " ind2=" ">
    <subfield code="a">sa 68014131 </subfield>
  </datafield>
  <datafield tag="040" ind1=" " ind2=" ">
    <subfield code="a">DLC</subfield>
    <subfield code="c">DLC</subfield>
    <subfield code="d">DLC</subfield>
  </datafield>
  <datafield tag="041" ind1="1" ind2=" ">
    <subfield code="a">san</subfield>
    <subfield code="a">hin</subfield>
    <subfield code="h">ara</subfield>
  </datafield>
  <datafield tag="050" ind1="0" ind2="0">
    <subfield code="a">QB41</subfield>
    <subfield code="b">.J318 1967</subfield>
  </datafield>
  <datafield tag="100" ind1="1" ind2=" ">
    <subfield code="a">Jagann&#x101;tha,</subfield>
    <subfield code="d">1652-</subfield>
  </datafield>
  <datafield tag="240" ind1="1" ind2="0">
    <subfield code="a">Samr&#x101;&#x1E6D;siddh&#x101;nta</subfield>
  </datafield>
  <datafield tag="245" ind1="1" ind2="0">
    <subfield code="a">Samr&#x101;&#x1E6D;-siddh&#x101;nta&#x1E25; :</subfield>
    <subfield code="b">av&#x101;ntara p&#x101;&#x1E6D;habhedasamanvita&#x1E25; Siddh&#x101;ntas&#x101;rakaustubha&#x1E25; /</subfield>
    <subfield code="c">Jagann&#x101;tha-viracita&#x1E25; ; pradh&#x101;na samp&#x101;daka&#x1E25;, R&#x101;masvar&#x16B;pa &#x15A;arm&#x101;.</subfield>
  </datafield>
  <datafield tag="246" ind1="1" ind2="5">
    <subfield code="a">Samr&#x101;&#x1E6D; siddh&#x101;nta</subfield>
  </datafield>
  <datafield tag="260" ind1=" " ind2=" ">
    <subfield code="a">Na&#x12B; Dill&#x12B; :</subfield>
    <subfield code="b">I&#x1E47;&#x1E0D;iyana In&#x1E63;&#x1E6D;&#x12B;&#x1E6D;y&#x16B;&#x1E6D;a &#x101;fa &#x100;s&#x1E6D;r&#x101;naumikala e&#x1E47;&#x1E0D;a Sa&#x1E43;skr&#x325;ta Risarca,</subfield>
    <subfield code="c">1967.</subfield>
  </datafield>
  <datafield tag="300" ind1=" " ind2=" ">
    <subfield code="a">3 v. :</subfield>
    <subfield code="b">ill. ;</subfield>
    <subfield code="c">25 cm.</subfield>
  </datafield>
  <datafield tag="546" ind1=" " ind2=" ">
    <subfield code="a">In Sanskrit and Hindi; includes translations from Arabic.</subfield>
  </datafield>
  <datafield tag="500" ind1=" " ind2=" ">
    <subfield code="a">A Sanskrit version of Claudius Ptolemaeus' Almagestum, translated from the Arabic version by Na&#x1E63;&#x12B;r al-D&#x12B;n Mu&#x1E25;ammad ibn Mu&#x1E25;ammad al-T&#x16B;s&#x12B; and others.</subfield>
  </datafield>
  <datafield tag="650" ind1=" " ind2="0">
    <subfield code="a">Astronomy</subfield>
    <subfield code="v">Early works to 1800.</subfield>
  </datafield>
  <datafield tag="700" ind1="1" ind2=" ">
    <subfield code="a">&#x15A;armm&#x101;, R&#x101;masvar&#x16B;pa.</subfield>
  </datafield>
  <datafield tag="700" ind1="1" ind2=" ">
    <subfield code="a">Ptolemy,</subfield>
    <subfield code="d">active 2nd century.</subfield>
    <subfield code="t">Almagest.</subfield>
  </datafield>
  <datafield tag="700" ind1="1" ind2=" ">
    <subfield code="a">&#x1E6C;&#x16B;s&#x12B;, Na&#x1E63;&#x12B;r al-D&#x12B;n Mu&#x1E25;ammad ibn Mu&#x1E25;ammad,</subfield>
    <subfield code="d">1201-1274.</subfield>
    <subfield code="t">Ta&#x1E25;rir al-majis&#x1E6D;i.</subfield>
  </datafield>
  <datafield tag="710" ind1="2" ind2=" ">
    <subfield code="a">Indian Institute of Astronomical and Sanskrit Research.</subfield>
  </datafield>
  <datafield tag="999" ind1=" " ind2=" ">
    <subfield code="c">85562</subfield>
    <subfield code="d">85562</subfield>
  </datafield>
</record>
